Normal view
MARC view
- Barabás Reina, Alicia Mabel
Entry Nombre Personal
001 - NUMERO DE CONTROL
- campo de control: 31282
003 - IDENTIFICADOR DE NUMERO DE CONTROL
- campo de control: UPN
005 - FECHA Y HORA DE LA ÜLTIMA TRANSACCIÓN
- campo de control: 20210219194421.0
008 - DATOS DE LONGITUD FIJA
- campo de control de longitud fija: nabaccnnaabn|||||||||| b |nc|||||d
035 ## - NUMERO DE CONTROL
- Número de control: UPN11000003388
040 ## - FUENTE DE CATALOGACIÓN
- Lenguaje de catalogación: SPA
- Agencia de transcripción: UPN
100 1# - ENCABEZAMIENTO - NOMBRE PERSONAL
- Nombre personal: Barabás Reina, Alicia Mabel
670 ## - FUENTE EN LA QUE SE LOCALIZARON DATOS
- Cita de la fuente: T
- Uniform Resource Identifier: http://www.ceas.org.mx/index.php?option=com_content&view=article&id=70:barabas&catid=35:socioscurricula&Itemid=55
680 ## - NOTA PUBLICA DE ACCESO PÚBLICO
- Frase explicativa de la referencia: Investigadora mexicana
902 ## - CATALOGADOR
- Catalogador: CAA/050911
